Zgadnij kraj po ciekawostce - Statystyki

Ogólne statystyki
  • Ten quiz został rozwiązany 114 razy
  • Średni wynik to 5 z 15
Statystyki odpowiedzi
Ciekawostka Państwo % Poprawnych
To państwo podarowało USA statuę wolności Francja
86%
Obchodzi się tam święto śledzia Szwecja
48%
Stolica tego państwa leży na dwóch kontynentach Turcja
46%
To państwo ma najstarszą flagę na świecie Dania
43%
Składa się z dwóch regionów które różnią się kulturą i językiem Belgia
41%
Nie ma tam ani jednej restauracji Mc'donalds Islandia
30%
W tym państwie jest więcej świń niż ludzi Holandia
27%
Tylko 53% tego kraju mówi w ojczystym języku Ukraina
27%
Żeby ściąć drzewo w tym kraju trzeba mieć specjalne pozwolenie Szwajcaria
23%
Znajduje się tam pałac który ma ponad 1000 pokoi Austria
20%
Jest najmniej religijnym państwem na świecie Estonia
18%
Z tego państwa pochodzą krawaty Chorwacja
16%
Reprezentacja tego kraju w piłce nożnej strzeliła najszybszego gola w eliminacjach mistrzostw świata San Marino
13%
W stolicy tego państwa znajduje się największy cmentarz żydowski w Europie Mołdawia
8%
Jan Paweł II jest honorowym obywatelem tego państwa Liechtenstein
5%
Nie znaleziono quizów pasujących do podanych kryteriów
Rozkład punktacji
Procent ludzi z każdym wynikiem
Percentyl według liczby udzielonych odpowiedzi
Twoja historia wyników
Nie rozwiązałeś tego quizu